Sur, penuria y después. (Registro nro. 354)

Detalles MARC
000 -LEADER
fixed length control field 00698 am a2200217 a 4500
005 - FECHA ULTIMA MODIFICACION
control field 20231227080644.0
008 - CAMPO DE CONTROL (LIBRO)
fixed length control field 100610s1995||||ag # f |||| 001 0 spa d
020 ## - INTERNATIONAL STANDARD BOOK NUMBER
ISBN 9500415232
041 ## - CODIGO DE IDIOMA
Código de idioma del texto/pista de sonido o título separado spa
092 ## - SIGNATURA TOPOGRAFICA DEWEY LOCAL
número de clasificación 300
libristica 55
sección NER
100 1# - ENTRADA PRINCIPAL--NOMBRE PERSONAL
Nombre personal Neri, Aldo.
9 (RLIN) 1237
245 ## - TITULO PROPIAMENTE DICHO
Título Sur, penuria y después.
Subtítulo y Título paralelo La crisis de la politica social /
Mención de responsabilidad y remanente de la transcripción de la portada Aldo Neri.
250 ## - MENCION DE EDICION
Mención de edición 1a ed.
Mención de responsabilidad relacionada con la ed. Diseño e ilustración: Eduardo Ruiz.
260 ## - PIE DE IMPRENTA
Lugar de publicación, distribución, etc Buenos Aires:
Nombre de la editorial, distribuidor, etc Emece;
Fecha de publicación 1995.
300 ## - DESCRIPCION FISICA
Extension 195 p.
500 ## - NOTA GENERAL
Nota general Neri, A. (1995). Sur, penuria y después. La crisis de la política social. (1a ed.). Buenos Aires : Emece.
653 ## - TÉRMINO INDIZADO - PALABRAS CLAVES
Palabra clave Ciencias Sociales
653 ## - TÉRMINO INDIZADO - PALABRAS CLAVES
Palabra clave Politica Social
930 ## - NUMERO DE INVENTARIO
Número de inventario 1713
942 ## - ADDED ENTRY ELEMENTS (KOHA)
Source of classification or shelving scheme Dewey Decimal Classification
Item type Libros
Existencias
Estado de retiro Existencia Estado general No para prestamo Ubicación permanente ubicación actual Sala de ubicación Fecha de adquisición Total Checkouts Número de clasificación Código de barras Date last seen Número de ejemplar Price effective from Koha tipo de elemento (item)
        Biblioteca Medicina Biblioteca Medicina Circulación 13/05/2011   300 55 NER 1713 06/11/2014 ej.1 13/05/2011 Libros

UNIVERSIDAD NACIONAL DEL COMAHUE
Biblioteca de la Facultad de Ciencias Médicas
Sede Toschi: Los Arrayanes y Av. Toschi, Cipolletti  - Rio Negro
Sede Los Tordos:  Yrigoyen al 2211, Cipolletti - Rio Negro 

Teléfono: 0299 - 4774707 int 25
Contacto: biblioteca@facimed.uncoma.edu.ar
© 2011 - 2026